[Event "World Rapid 2023"]
[Site "Samarkand UZB"]
[Date "2023.12.27"]
[EventDate "2023.12.26"]
[Round "8.81"]
[Result "0-1"]
[White "Saidakbar Saydaliev"]
[Black "Vahap Sanal"]
[WhiteElo "2426"]
[BlackElo "2595"]
[PlyCount "76"]

1. e4 d6 2. d4 Nf6 3. Nc3 e5 4. Nf3 Nbd7 5. Bc4 Be7 6. O-O O-O 7. Re1 c6 8. a4
h6 9. h3 Re8 10. b3 exd4 11. Nxd4 Ne5 12. Bf1 Bf8 13. a5 Bd7 14. f4 Ng6 15. Bd3
b5 16. axb6 axb6 17. Rxa8 Qxa8 18. Nf3 Qa5 19. Bd2 Qc5+ 20. Kh1 b5 21. e5 dxe5
22. Bxg6 fxg6 23. fxe5 Nh5 24. Ne4 Qd5 25. g4 Nf6 26. Nc3 Nxg4 27. hxg4 Qf7 28.
Re4 c5 29. Nd5 Qxd5 30. Qe2 Bc6 31. Re3 Qe6 32. Qg2 Rd8 33. Bc3 Be7 34. Kh2 b4
35. Bb2 Rf8 36. Qg3 Qd5 37. Kg2 Bh4 38. Qh3 Qd2+ 0-1

[Event "World Rapid 2023"]
[Site "Samarkand UZB"]
[Date "2023.12.27"]
[EventDate "2023.12.26"]
[Round "8.82"]
[Result "1-0"]
[White "Kacper Piorun"]
[Black "O'Gorman, Tom"]
[WhiteElo "2593"]
[BlackElo "2322"]
[PlyCount "92"]

1. d4 d5 2. Nf3 Nf6 3. e3 c5 4. b3 Nc6 5. Bb2 cxd4 6. Nxd4 e6 7. Bd3 Bb4+ 8. Nd2
O-O 9. O-O Re8 10. N4f3 e5 11. a3 Bf8 12. e4 h6 13. exd5 Nxd5 14. Re1 Bg4 15. h3
Bh5 16. g4 Bg6 17. Bxg6 fxg6 18. Ne4 Nf4 19. Qxd8 Raxd8 20. Rad1 Nd4 21. Nxd4
exd4 22. Rxd4 Rc8 23. Kf1 Nxh3 24. c4 g5 25. Rd7 Nf4 26. f3 Re7 27. Red1 Rce8
28. b4 b6 29. c5 Rxd7 30. Rxd7 bxc5 31. bxc5 Rb8 32. Be5 Rb1+ 33. Kf2 Rc1 34.
Rd8 Ne6 35. Ra8 Kh7 36. Bd6 Bxd6 37. cxd6 Rd1 38. Rxa7 Kg6 39. a4 Rd3 40. Re7
Nf4 41. a5 Nh3+ 42. Kg2 Nf4+ 43. Kf2 Nh3+ 44. Ke1 Rxf3 45. d7 Rd3 46. a6 1-0

[Event "World Rapid 2023"]
[Site "Samarkand UZB"]
[Date "2023.12.27"]
[EventDate "2023.12.26"]
[Round "8.83"]
[Result "1/2-1/2"]
[White "Eldiar Orozbaev"]
[Black "Velimir Ivic"]
[WhiteElo "2305"]
[BlackElo "2570"]
[PlyCount "164"]

1. e4 c5 2. c3 d5 3. exd5 Nf6 4. Bb5+ Nbd7 5. c4 a6 6. Bxd7+ Qxd7 7. Qe2 e6 8.
Nf3 Bd6 9. d4 cxd4 10. dxe6 fxe6 11. Nxd4 O-O 12. Nc3 b5 13. cxb5 axb5 14. Qxb5
Qf7 15. Be3 Ba6 16. Qb6 e5 17. Nf5 Bc7 18. Qc5 Kh8 19. Ne7 Bd8 20. Nc6 Bc7 21.
O-O-O Bb7 22. Ne7 Ba5 23. b4 Rfe8 24. Nf5 Ne4 25. Nd6 Nxd6 26. Qxd6 Qc4 27. Qc5
Qxb4 28. Qxb4 Bxb4 29. Nd5 Ba3+ 30. Kb1 Ra5 31. Nc7 Be4+ 32. Ka1 Rb8 33. Bb6 h6
34. Rb1 Ra4 35. Rb3 Bc5 36. Bxc5 Rxb3 37. f3 Rc3 38. Bd6 Rc2 39. a3 Bg6 40. Rb1
Rd4 41. Ne6 Ra2+ 42. Kxa2 Bxb1+ 43. Kxb1 Rxd6 44. Nc5 Kg8 45. Kb2 Rd2+ 46. Kb3
Kf7 47. a4 Ke7 48. a5 Kd8 49. a6 Ke7 50. a7 Rd8 51. Na4 Kd6 52. Nb6 Kc5 53. a8=Q
Rxa8 54. Nxa8 Kd4 55. Nc7 Ke3 56. Kc3 Kf2 57. Kd3 Kxg2 58. Ke4 Kxh2 59. Ne6 g5
60. Kxe5 Kg3 61. Ke4 Kf2 62. Ng7 Kg2 63. Nh5 Kh3 64. Kf5 Kh4 65. Kg6 Kh3 66. Kf5
Kh4 67. Ng7 Kg3 68. Ke4 Kf2 69. Ne6 Kg3 70. Ng7 Kf2 71. Nh5 Ke2 72. Nf6 Kf1 73.
Kf5 Kf2 74. Kg4 Kg2 75. Nh5 Kf2 76. Ng3 Kg2 77. Nh5 Kf2 78. Nf6 Kg2 79. Nh5 Kf2
80. Nf4 gxf4 81. Kxf4 h5 82. Kg5 1/2-1/2

[Event "World Rapid 2023"]
[Site "Samarkand UZB"]
[Date "2023.12.27"]
[EventDate "2023.12.26"]
[Round "8.84"]
[Result "1/2-1/2"]
[White "Lev Zverev"]
[Black "Alexander Riazantsev"]
[WhiteElo "2343"]
[BlackElo "2616"]
[PlyCount "148"]

1. e4 c5 2. Nf3 e6 3. d4 cxd4 4. Nxd4 Nf6 5. Nc3 Nc6 6. Ndb5 Bb4 7. a3 Bxc3+ 8.
Nxc3 O-O 9. Bd3 d5 10. O-O h6 11. h3 Ne5 12. exd5 Nxd5 13. Nxd5 Nxd3 14. Qxd3
Qxd5 15. Qg3 Qh5 16. Bf4 Bd7 17. Rad1 Bc6 18. Rfe1 Kh7 19. Rd4 Qg6 20. Qxg6+
Kxg6 21. Be3 e5 22. Rd6+ f6 23. c4 Rfe8 24. b4 a6 25. Bb6 Rac8 26. f3 h5 27. h4
Kf5 28. Kf2 e4 29. b5 axb5 30. cxb5 Bxb5 31. Rd5+ Re5 32. Rxe5+ fxe5 33. Rxe4
Rc2+ 34. Kg1 Bc6 35. Re3 Rc4 36. Bd8 e4 37. fxe4+ Bxe4 38. Rg3 g6 39. Re3 Rc2
40. g3 Bc6 41. Bg5 Kg4 42. Bf4 Bb5 43. Bg5 Kh3 44. g4+ Kxg4 45. Re4+ Kf5 46.
Rf4+ Ke5 47. Rf6 Bd3 48. Rb6 Be4 49. Rb5+ Kd4 50. Rb2 Rc8 51. Kf2 Rf8+ 52. Ke2
Bd3+ 53. Kd2 Rf2+ 54. Ke1 Rf1+ 55. Kd2 Rf2+ 56. Ke1 Rf7 57. Kd2 Bc4 58. Rb6 Rf2+
59. Ke1 Rf1+ 60. Kd2 Rf2+ 61. Ke1 Rf1+ 62. Kd2 Rf2+ 63. Ke1 Rf1+ 64. Kd2 Bd5 65.
Rxg6 Rf2+ 66. Ke1 Ra2 67. Be7 Bf3 68. Kf1 Be2+ 69. Kg1 Bg4 70. Rb6 Bf3 71. Rb2
Rxb2 72. Bf6+ Kc4 73. Bxb2 Kb3 74. Bc1 b5 1/2-1/2

[Event "World Rapid 2023"]
[Site "Samarkand UZB"]
[Date "2023.12.27"]
[EventDate "2023.12.26"]
[Round "8.86"]
[Result "1-0"]
[White "Mustafokhuja Khusenkhojaev"]
[Black "Mahammad Muradli"]
[WhiteElo "2298"]
[BlackElo "2550"]
[PlyCount "82"]

1. d4 Nf6 2. c4 e6 3. g3 Bb4+ 4. Bd2 Qe7 5. Bg2 Nc6 6. Nf3 Bxd2+ 7. Nbxd2 O-O 8.
O-O d6 9. Nb1 e5 10. d5 Nb8 11. Nc3 a5 12. a3 Na6 13. b4 Bd7 14. Rb1 c6 15. dxc6
bxc6 16. b5 Nc5 17. Nd2 Rfc8 18. Nde4 Ncxe4 19. Nxe4 Ne8 20. Qd2 f5 21. Nxd6
Nxd6 22. Rbd1 Nxc4 23. Qxd7 Qxd7 24. Rxd7 e4 25. bxc6 Rxc6 26. Rb1 Rb6 27. Rc1
Rc8 28. f3 Rbc6 29. fxe4 Ne5 30. Rxc6 Rxc6 31. Rd8+ Kf7 32. exf5 Rc1+ 33. Kf2
Rc3 34. h3 Rxa3 35. g4 a4 36. Rd5 Nc4 37. Rd7+ Kf6 38. Ra7 Ne5 39. Ra6+ Kg5 40.
Re6 Kf4 41. f6 1-0

[Event "World Rapid 2023"]
[Site "Samarkand UZB"]
[Date "2023.12.27"]
[EventDate "2023.12.26"]
[Round "8.87"]
[Result "1-0"]
[White "Guha Mitrabha"]
[Black "Almas Rakhmatullaev"]
[WhiteElo "2508"]
[BlackElo "2383"]
[PlyCount "86"]

1. Nf3 Nf6 2. c4 g6 3. g3 Bg7 4. Bg2 O-O 5. O-O d6 6. Nc3 e5 7. d3 Nc6 8. Rb1 a5
9. a3 Nd7 10. b4 axb4 11. axb4 f5 12. Qb3 h6 13. b5 Nc5 14. Qc2 Ne7 15. Be3 Ne6
16. Ra1 Rxa1 17. Rxa1 Bd7 18. Ra7 g5 19. Rxb7 e4 20. Nd2 f4 21. Ba7 Nd4 22. Bxd4
Bxd4 23. Ndxe4 Qc8 24. b6 Bxb6 25. Qb3 Bd4 26. c5+ Be6 27. Qb4 Nc6 28. Nf6+ Rxf6
29. Bxc6 fxg3 30. hxg3 Bxf2+ 31. Kh1 Bxc5 32. Qb1 Kg7 33. Ne4 Bd5 34. Rxc7+ Qxc7
35. Bxd5 Rf5 36. Qa1+ Kg6 37. Qa8 Qe7 38. Qg8+ Kh5 39. Be6 Rf8 40. g4+ Kh4 41.
Qg6 Rf1+ 42. Kh2 Bg1+ 43. Kg2 1-0

[Event "World Rapid 2023"]
[Site "Samarkand UZB"]
[Date "2023.12.27"]
[EventDate "2023.12.26"]
[Round "8.88"]
[Result "1-0"]
[White "Andrey Gorovets"]
[Black "Jamshid Mustafaev"]
[WhiteElo "2481"]
[BlackElo "2313"]
[PlyCount "72"]

1. Nf3 Nf6 2. c4 g6 3. d4 Bg7 4. g3 O-O 5. Bg2 d6 6. O-O Nbd7 7. Nc3 e5 8. e4 a5
9. h3 exd4 10. Nxd4 Nc5 11. Re1 Re8 12. Nb3 Nfd7 13. Qc2 Ne5 14. Nxc5 dxc5 15.
Rd1 Bd7 16. Be3 Qc8 17. Kh2 Ra6 18. Nd5 c6 19. Nf4 Bf8 20. a4 b5 21. axb5 cxb5
22. cxb5 Bxb5 23. Nd5 c4 24. Bd4 Bc5 25. Bc3 g5 26. Rxa5 Rh6 27. Bxe5 Rxe5 28.
Rxb5 Bd6 29. Nc3 Rxb5 30. Nxb5 Be5 31. Rd5 Re6 32. Qd2 Bf6 33. Nd6 Qb8 34. Nxc4
Kg7 35. e5 Be7 36. Nd6 1-0

[Event "World Rapid 2023"]
[Site "Samarkand UZB"]
[Date "2023.12.27"]
[EventDate "2023.12.26"]
[Round "8.89"]
[Result "1-0"]
[White "Akmal Fayzullaev"]
[Black "Rinat Jumabayev"]
[WhiteElo "2367"]
[BlackElo "2598"]
[PlyCount "86"]

1. e4 c6 2. d4 d5 3. exd5 cxd5 4. Bd3 Nc6 5. c3 Qc7 6. h3 e6 7. Nf3 Bd6 8. O-O
Nge7 9. Re1 h6 10. c4 dxc4 11. Bxc4 O-O 12. Nc3 a6 13. a3 b5 14. Ba2 Bb7 15. Qd3
b4 16. Bb1 Ng6 17. Ne4 Rfd8 18. h4 Nce5 19. dxe5 Bxe5 20. Qe2 Bf4 21. h5 Bxc1
22. hxg6 f5 23. Ng3 Bf4 24. Qxe6+ Kh8 25. Nxf5 Bd5 26. Qe7 Rd7 27. Qxb4 Bxf3 28.
gxf3 Bd2 29. Qe4 Bxe1 30. Qxe1 Rad8 31. Be4 Qb6 32. Qc3 Qxg6+ 33. Ng3 Qg5 34.
Kg2 h5 35. Rh1 h4 36. Bf5 Rd4 37. Bg4 Kg8 38. Qb3+ Kf8 39. Qe6 Rd1 40. Ne4 Qc1
41. Qf5+ Ke7 42. Ng5 h3+ 43. Bxh3 1-0

[Event "World Rapid 2023"]
[Site "Samarkand UZB"]
[Date "2023.12.27"]
[EventDate "2023.12.26"]
[Round "8.90"]
[Result "1/2-1/2"]
[White "Van Foreest, Lucas"]
[Black "Mergen Kakabayev"]
[WhiteElo "2530"]
[BlackElo "2266"]
[PlyCount "114"]

1. c4 c6 2. Nf3 d5 3. g3 Nf6 4. Bg2 e6 5. O-O Nbd7 6. d4 Bd6 7. b3 O-O 8. Bb2
Re8 9. Nbd2 e5 10. cxd5 cxd5 11. dxe5 Nxe5 12. Nxe5 Bxe5 13. Bxe5 Rxe5 14. Nf3
Re7 15. Qd2 Be6 16. Nd4 Rc8 17. Qb4 Rec7 18. Nb5 Rc2 19. Nd4 R2c7 20. Rad1 Qf8
21. Qa4 Qc5 22. b4 Qb6 23. a3 Bd7 24. Qb3 Rc3 25. Qb2 a5 26. e3 h5 27. h4 Ne4
28. Rb1 a4 29. Rfc1 Qc7 30. Rd1 g6 31. Qa2 Rc4 32. Bxe4 dxe4 33. Rd2 Bg4 34. Qb2
Qe5 35. Kg2 Qf6 36. b5 R8c5 37. b6 Kh7 38. Qa2 Bf3+ 39. Kh2 Rc1 40. Qa1 Rxb1 41.
Qxb1 Kg8 42. Qb2 Bg4 43. Kg1 Kh7 44. Kh2 Rc4 45. Rc2 Rxc2 46. Qxc2 Qxb6 47. Qxa4
Qb2 48. Kg2 Qb1 49. Qc4 Kg8 50. a4 Qd1 51. Kh2 Qe1 52. Kg2 Qd1 53. Kh2 Qd2 54.
Kg2 Qe1 55. Qb5 Kh7 56. Qxb7 Bh3+ 57. Kh2 Qxf2+ 1/2-1/2

[Event "World Rapid 2023"]
[Site "Samarkand UZB"]
[Date "2023.12.27"]
[EventDate "2023.12.26"]
[Round "8.91"]
[Result "1-0"]
[White "Kanan Garayev"]
[Black "Tigran K Harutyunyan"]
[WhiteElo "2356"]
[BlackElo "2519"]
[PlyCount "76"]

1. d4 Nf6 2. c4 e6 3. g3 d5 4. Bg2 Bb4+ 5. Nd2 O-O 6. Nf3 b6 7. cxd5 exd5 8. O-O
Bb7 9. Ne5 a5 10. a3 Be7 11. Ndc4 Qc8 12. Ne3 Re8 13. b3 Bd6 14. Bb2 Nbd7 15. f4
Nf8 16. Rc1 Ne4 17. Qc2 Qe6 18. f5 Qh6 19. Rf4 Rxe5 20. Ng4 Qxf4 21. gxf4 Rxf5
22. Bxe4 dxe4 23. d5 Rxf4 24. h3 h5 25. e3 Rf3 26. Ne5 Rg3+ 27. Kf2 Rg5 28. Nc6
Rf5+ 29. Kg1 Rxd5 30. Bd4 Re8 31. Qc4 Rg5+ 32. Kf2 Ne6 33. Rg1 Rf5+ 34. Ke1 g6
35. Bb2 Bf8 36. Nd4 Rc5 37. Qe2 Bg7 38. Nxe6 Rxe6 1-0

[Event "World Rapid 2023"]
[Site "Samarkand UZB"]
[Date "2023.12.27"]
[EventDate "2023.12.26"]
[Round "8.68"]
[Result "1/2-1/2"]
[White "Sinisa Drazic"]
[Black "Harold Wanyama"]
[WhiteElo "2264"]
[BlackElo "2238"]
[PlyCount "192"]

1. d4 d5 2. Bg5 Nf6 3. Nd2 e6 4. e4 dxe4 5. Nxe4 Be7 6. Bxf6 Bxf6 7. Nf3 O-O 8.
Qe2 Nc6 9. O-O-O Be7 10. Qe3 Qd5 11. Kb1 Rd8 12. Be2 b6 13. Nc3 Qa5 14. Bb5 Bb7
15. d5 exd5 16. Bxc6 Bc5 17. Bxb7 Bxe3 18. Bxa8 Rxa8 19. fxe3 c6 20. e4 dxe4 21.
Nxe4 h6 22. Rhe1 c5 23. Ne5 Rf8 24. a3 Qa4 25. g3 Re8 26. Nd6 Re7 27. Ndxf7 Rxf7
28. Nxf7 Kxf7 29. Rf1+ Kg8 30. Rd8+ Kh7 31. Rf7 Qe4 32. Rf1 a5 33. Rfd1 b5 34.
R8d5 Qe3 35. R5d3 Qf2 36. R3d2 Qe3 37. Rd5 b4 38. axb4 axb4 39. b3 Qe2 40. R1d2
Qe3 41. R5d3 Qe5 42. g4 Qf4 43. h3 c4 44. bxc4 Qxc4 45. Kb2 Kg6 46. Rb3 Kg5 47.
Rd7 Kh4 48. Rbd3 Qe6 49. R7d5 g6 50. R5d4 Qe5 51. Kb3 Qe2 52. Rxb4 Qe6+ 53. Kb2
Qe5+ 54. Rbd4 Qe1 55. c3 Qe2+ 56. Kb3 Qe6+ 57. Rd5 Qb6+ 58. Kc4 Qa6+ 59. Kc5
Qa7+ 60. Kd6 Qf7 61. Kc6 Qe6+ 62. Rd6 Qc4+ 63. Kb6 Qe4 64. g5 Qe8 65. gxh6 Qb8+
66. Ka6 Qc8+ 67. Kb5 Kh5 68. c4 Kxh6 69. c5 Qb8+ 70. Kc4 Qg8+ 71. Kb5 Qe8+ 72.
c6 Qb8+ 73. Kc5 Qa7+ 74. Kd5 Qf7+ 75. Kd4 Qf4+ 76. Kc5 Qe5+ 77. R6d5 Qc7 78. Kb5
Qb8+ 79. Kc4 Qa7 80. Rd7 Qa4+ 81. Kc5 Qa5+ 82. Kd6 Qb4+ 83. Ke6 Qc4+ 84. Kd6
Qb4+ 85. Ke6 Qc4+ 86. Kf6 Qxc6+ 87. R7d6 Qe4 88. R6d4 Qe1 89. Rd8 Qf2+ 90. Ke7
Qe2+ 91. Kf7 Qf2+ 92. Ke6 Qf5+ 93. Ke7 Qe5+ 94. Kf7 Qf5+ 95. Ke7 Qe5+ 96. Kf7 1/2-1/2

[Event "World Rapid 2023"]
[Site "Samarkand UZB"]
[Date "2023.12.27"]
[EventDate "2023.12.26"]
[Round "8.93"]
[Result "0-1"]
[White "Asrorjon Omonov"]
[Black "Artem Pingin"]
[WhiteElo "2224"]
[BlackElo "2419"]
[PlyCount "84"]

1. d4 d5 2. c4 dxc4 3. Nf3 Nf6 4. e3 e6 5. Bxc4 a6 6. Bd3 c5 7. O-O Nc6 8. a3
cxd4 9. exd4 Be7 10. Nc3 O-O 11. Bc2 b5 12. Qd3 Bb7 13. Bg5 g6 14. Rfe1 b4 15.
Na4 Nd5 16. Bh6 Re8 17. Nc5 Qc7 18. Rac1 Bf8 19. Bxf8 Rxf8 20. Ba4 Rac8 21. Qd2
Qe7 22. h4 Ba8 23. h5 Rfd8 24. hxg6 hxg6 25. Qh6 Qf8 26. Qh4 Qg7 27. Bxc6 Bxc6
28. Nxe6 fxe6 29. Rxc6 Rxc6 30. Qxd8+ Qf8 31. Qg5 Qf5 32. Qd8+ Qf8 33. Qg5 Qf5
34. Qg3 Nf4 35. Qh4 Rc8 36. g3 Ne2+ 37. Kg2 Rf8 38. Rxe2 Qxf3+ 39. Kf1 Rc8 40.
Qh6 Rc1+ 41. Re1 Qd3+ 42. Kg2 Rxe1 0-1

[Event "World Rapid 2023"]
[Site "Samarkand UZB"]
[Date "2023.12.27"]
[EventDate "2023.12.26"]
[Round "8.94"]
[Result "0-1"]
[White "Mohamed Tissir"]
[Black "Faustino Oro"]
[WhiteElo "2349"]
[BlackElo "2357"]
[PlyCount "122"]

1. e4 c5 2. Nc3 Nc6 3. Bb5 Nd4 4. Bc4 e6 5. Nge2 Ne7 6. Nxd4 cxd4 7. Ne2 Nc6 8.
O-O Bc5 9. d3 O-O 10. Bb3 d6 11. f4 Na5 12. f5 Nxb3 13. axb3 f6 14. Ng3 d5 15.
Qg4 exf5 16. exf5 Qe7 17. Bd2 Bd7 18. Rae1 Qf7 19. b4 Bb6 20. Ne2 Rac8 21. Rc1
Rfe8 22. Nxd4 h5 23. Qh4 Re5 24. Kh1 a6 25. Bc3 Bxd4 26. Qxd4 Rxf5 27. Rfe1 Re8
28. Kg1 Rg5 29. Rxe8+ Qxe8 30. Re1 Qg6 31. Re2 Bh3 32. g3 h4 33. Be1 hxg3 34.
hxg3 Bg4 35. Rh2 Re5 36. Bf2 Bd1 37. Qc3 Qf5 38. Qc7 Re8 39. Qxb7 Bxc2 40. Qc6
Rc8 41. Qxa6 Bxd3 42. Qa1 Qg5 43. Bc5 Qxg3+ 44. Rg2 Qc7 45. Qe1 Be4 46. Rg3 Re8
47. Qf2 Ra8 48. Ra3 Re8 49. Qg3 Qxg3+ 50. Rxg3 Rb8 51. Ra3 Kf7 52. Kf2 g5 53.
Ra6 f5 54. Rh6 f4 55. Bd4 Rxb4 56. Bc3 Rc4 57. Rd6 Ke7 58. Be5 Rc2+ 59. Ke1 f3
60. Rf6 g4 61. b4 g3 0-1

[Event "World Rapid 2023"]
[Site "Samarkand UZB"]
[Date "2023.12.27"]
[EventDate "2023.12.26"]
[Round "8.95"]
[Result "0-1"]
[White "Timur Yonal"]
[Black "Gianmarco Leiva"]
[WhiteElo "2003"]
[BlackElo "2398"]
[PlyCount "110"]

1. e4 c6 2. c4 d5 3. cxd5 cxd5 4. exd5 Nf6 5. Nc3 Nxd5 6. Nf3 e6 7. d4 Nc6 8.
Bd3 Be7 9. O-O O-O 10. Re1 Bf6 11. Ne4 Be7 12. a3 b6 13. Bd2 Bb7 14. Qe2 Nf6 15.
Rad1 Re8 16. Bc1 g6 17. Be3 Ng4 18. Bf4 Nf6 19. Nxf6+ Bxf6 20. Be4 Rc8 21. Qf1
Na5 22. Bxb7 Nxb7 23. Qa6 Na5 24. Qxa7 Re7 25. Qa6 Rd7 26. Rc1 Ra8 27. Qb5 Rd5
28. Qb4 Bxd4 29. Bc7 Qd7 30. Nxd4 Rxd4 31. Qxb6 Nc4 32. Qc5 Nxb2 33. Be5 Rd5 34.
Bxb2 Rxc5 35. Rxc5 Rc8 36. Rxc8+ Qxc8 37. a4 h6 38. a5 Qc2 39. Be5 Qd3 40. g3 g5
41. Ra1 Qa6 42. Bc3 Kh7 43. Be1 h5 44. Rb1 Kg6 45. f3 Qd3 46. Rb6 Qe3+ 47. Bf2
Qxf3 48. a6 Qd1+ 49. Kg2 Qd5+ 50. Kf1 h4 51. a7 Qd1+ 52. Kg2 h3+ 53. Kxh3 Qf1+
54. Kg4 Qxf2 55. a8=Q Qf5# 0-1

[Event "World Rapid 2023"]
[Site "Samarkand UZB"]
[Date "2023.12.27"]
[EventDate "2023.12.26"]
[Round "8.96"]
[Result "0-1"]
[White "Shahruh Turayev"]
[Black "Gallego Alcaraz, Andres Felipe"]
[WhiteElo "2183"]
[BlackElo "2486"]
[PlyCount "78"]

1. e4 c5 2. Nc3 Nc6 3. Bb5 Nd4 4. Bc4 e6 5. Nge2 Qc7 6. d3 a6 7. Nxd4 cxd4 8.
Ne2 Bc5 9. O-O Ne7 10. Bb3 b5 11. Ng3 Bb7 12. a4 b4 13. Bd2 d5 14. Qe2 O-O 15.
Rac1 Qb6 16. Rce1 a5 17. Kh1 Kh8 18. e5 Rae8 19. Nh5 Ng6 20. f4 Qc7 21. Rf3 Qd7
22. Rh3 f5 23. exf6 gxf6 24. f5 exf5 25. Qxe8 Rxe8 26. Rxe8+ Qxe8 27. Nxf6 Qf7
28. Rxh7+ Qxh7 29. Nxh7 Kxh7 30. h4 Bd6 31. Kg1 Bf4 32. Be1 Ne5 33. Kf2 Bc1 34.
Kg3 f4+ 35. Kh3 Kg6 36. Bf2 Bc8+ 37. Kh2 Ng4+ 38. Kg1 Be3 39. h5+ Kxh5 0-1

[Event "World Rapid 2023"]
[Site "Samarkand UZB"]
[Date "2023.12.27"]
[EventDate "2023.12.26"]
[Round "8.97"]
[Result "0-1"]
[White "Rojas Salas, Steven"]
[Black "Emin Ohanyan"]
[WhiteElo "2172"]
[BlackElo "2456"]
[PlyCount "136"]

1. d4 Nf6 2. c4 e6 3. Nc3 Bb4 4. e3 O-O 5. Bd3 d5 6. a3 Bxc3+ 7. bxc3 dxc4 8.
Bxc4 c5 9. Nf3 Qc7 10. Be2 b6 11. Bb2 Ba6 12. Bxa6 Nxa6 13. Qe2 Qb7 14. O-O Rac8
15. Rac1 Nb8 16. c4 cxd4 17. exd4 Nbd7 18. Rfe1 Qa6 19. Nd2 Qa4 20. Rc3 Rfe8 21.
Rec1 e5 22. d5 b5 23. cxb5 Rxc3 24. Rxc3 Nxd5 25. Rc4 Qxb5 26. Nf3 N5b6 27. Rc2
Qxe2 28. Rxe2 f6 29. g3 Rc8 30. Rd2 Kf7 31. h4 h5 32. Kg2 Ke6 33. Re2 Kd5 34.
Nh2 Nc4 35. Bc1 Nc5 36. Nf1 Nd3 37. Be3 Nxa3 38. Bxa7 Nb5 39. Rd2 e4 40. Be3 Ra8
41. f3 f5 42. fxe4+ fxe4 43. g4 hxg4 44. Nh2 Nd6 45. Nxg4 Nc4 46. Re2 Nxe3+ 47.
Nxe3+ Kd4 48. Kg3 Rf8 49. Nc2+ Ke5 50. Kg4 Rf1 51. Kg3 g6 52. Ne3 Rf3+ 53. Kg4
Nf2+ 54. Kg5 Rg3+ 55. Kh6 Ng4+ 56. Nxg4+ Rxg4 57. h5 gxh5 58. Kxh5 Rg1 59. Kh4
Kd4 60. Ra2 e3 61. Ra4+ Kd3 62. Ra3+ Ke2 63. Ra2+ Kf3 64. Ra3 Kf2 65. Ra8 e2 66.
Rf8+ Ke3 67. Re8+ Kd3 68. Rd8+ Kc4 0-1

[Event "World Rapid 2023"]
[Site "Samarkand UZB"]
[Date "2023.12.27"]
[EventDate "2023.12.26"]
[Round "8.98"]
[Result "1-0"]
[White "Bakhrom Bakhrillaev"]
[Black "Felix Xie"]
[WhiteElo "2332"]
[BlackElo "2244"]
[PlyCount "116"]

1. d4 Nf6 2. c4 g6 3. Nc3 d5 4. cxd5 Nxd5 5. e4 Nxc3 6. bxc3 Bg7 7. Be3 O-O 8.
Qd2 c5 9. Nf3 Bg4 10. Ng5 cxd4 11. cxd4 Nc6 12. h3 Bc8 13. Rd1 e6 14. e5 Ne7 15.
Ne4 Nd5 16. Bg5 f6 17. exf6 Nxf6 18. Nxf6+ Bxf6 19. Bh6 Bg7 20. Bxg7 Kxg7 21.
Bc4 Qc7 22. Bb3 e5 23. O-O Bf5 24. Qb2 Rfe8 25. Rc1 Qd6 26. dxe5 Qxe5 27. Rc7+
Kh8 28. Qxe5+ Rxe5 29. Rxb7 a5 30. Rd1 a4 31. Bxa4 Be4 32. Rc7 Rg5 33. g3 Bf3
34. Rdd7 Rh5 35. h4 g5 36. Bc2 gxh4 37. Rxh7+ Rxh7 38. Rxh7+ Kg8 39. Rxh4 Rd8
40. Rf4 Bh5 41. g4 Bf7 42. Bb3 Bxb3 43. axb3 Rd1+ 44. Kg2 Kg7 45. b4 Kg6 46. b5
Rb1 47. Rf5 Rb3 48. f3 Rb2+ 49. Kg3 Rb4 50. Rc5 Kf6 51. f4 Kg6 52. Rc6+ Kf7 53.
b6 Kg7 54. f5 Rb3+ 55. Kh4 Rb5 56. Kg5 Kf7 57. Rc7+ Kg8 58. b7 1-0

[Event "World Rapid 2023"]
[Site "Samarkand UZB"]
[Date "2023.12.27"]
[EventDate "2023.12.26"]
[Round "8.99"]
[Result "1/2-1/2"]
[White "Jaloliddin Ilkhomi"]
[Black "Ali Kasimov"]
[WhiteElo "2222"]
[BlackElo "2206"]
[PlyCount "76"]

1. Nf3 Nf6 2. c4 e6 3. g3 d5 4. Bg2 dxc4 5. Qa4+ Nbd7 6. Qxc4 c5 7. O-O b6 8. d4
Bb7 9. Nc3 Rc8 10. Rd1 cxd4 11. Qxd4 Bc5 12. Qd3 O-O 13. Be3 Qe7 14. Bxc5 Nxc5
15. Qe3 Rfd8 16. Ne5 Bxg2 17. Kxg2 Qb7+ 18. Qf3 Qxf3+ 19. Kxf3 Kf8 20. Rac1 Rxd1
21. Rxd1 Ke7 22. Nb5 Nfd7 23. Nxd7 Nxd7 24. Nxa7 Rc2 25. b4 Ne5+ 26. Kg2 Rxe2
27. a4 Rc2 28. h3 g5 29. Kf1 g4 30. h4 Kf6 31. Ra1 Nd3 32. a5 bxa5 33. bxa5
Rxf2+ 34. Kg1 Rf3 35. Kg2 Rf2+ 36. Kg1 Rf3 37. Kg2 Rf2+ 38. Kg1 Rf3 1/2-1/2

[Event "World Rapid 2023"]
[Site "Samarkand UZB"]
[Date "2023.12.27"]
[EventDate "2023.12.26"]
[Round "8.100"]
[Result "0-1"]
[White "Nikolay Tregubenko"]
[Black "Daler Vakhidov"]
[WhiteElo "2017"]
[BlackElo "2175"]
[PlyCount "110"]

1. e4 c5 2. Nf3 g6 3. d4 cxd4 4. Nxd4 Bg7 5. Nc3 Nc6 6. Be3 Nf6 7. Bc4 O-O 8.
Bb3 d6 9. f3 Bd7 10. Qd2 Nxd4 11. Bxd4 b5 12. O-O a5 13. a3 Bc6 14. Nd5 Nd7 15.
c3 Rc8 16. Rad1 Bxd4+ 17. cxd4 Bxd5 18. Bxd5 Qb6 19. h4 Nf6 20. Bb3 Rc7 21. Kh2
Rfc8 22. e5 Nh5 23. Rf2 a4 24. Ba2 e6 25. g4 Ng7 26. Kg2 h5 27. Bb1 Rc4 28. Ba2
R4c7 29. Bb1 Rc4 30. Ba2 R4c7 31. Bb1 Rd7 32. Qe1 Rcd8 33. Rfd2 Qa5 34. Re2 Qb6
35. Red2 b4 36. axb4 Qxb4 37. Re2 Qb6 38. Red2 Qb4 39. Re2 Qb6 40. Red2 Qb5 41.
Bd3 Qb4 42. Qe4 dxe5 43. dxe5 Rd4 44. Qe3 hxg4 45. Qg5 gxf3+ 46. Kxf3 Qb7+ 47.
Kf2 Qb6 48. Kf3 Qc6+ 49. Kf2 Qc5 50. Ke2 R8d5 51. Kf1 Rxe5 52. Qg3 Nh5 53. Qh3
Rf4+ 54. Kg2 Re3 55. Rc2 Qd5+ 0-1

[Event "World Rapid 2023"]
[Site "Samarkand UZB"]
[Date "2023.12.27"]
[EventDate "2023.12.26"]
[Round "8.101"]
[Result "1/2-1/2"]
[White "Khalil Nafri"]
[Black "David Bogdan"]
[WhiteElo "2248"]
[BlackElo "1671"]
[PlyCount "86"]

1. e4 c5 2. Nf3 Nc6 3. d4 cxd4 4. Nxd4 Qc7 5. Nc3 e6 6. Be2 Nf6 7. O-O a6 8. a3
Be7 9. Be3 b5 10. f4 d6 11. Nxc6 Qxc6 12. Bf3 e5 13. Nd5 Bd8 14. Qd2 O-O 15.
Rad1 Be6 16. Nc3 Be7 17. f5 Bc4 18. Rfe1 Rac8 19. g4 Rfd8 20. g5 Ne8 21. Qg2 a5
22. Rd2 b4 23. axb4 axb4 24. Nd1 Nc7 25. b3 Bb5 26. Nf2 Qb7 27. Ng4 Kh8 28. f6
Bf8 29. fxg7+ Bxg7 30. Kh1 Ne6 31. Rg1 Qe7 32. Nf2 Rg8 33. Bg4 Bd7 34. Bf5 Nd4
35. Bxd4 exd4 36. Qh3 Bxf5 37. exf5 Qe3 38. Rgd1 Be5 39. g6 fxg6 40. fxg6 Qxh3
41. Nxh3 Rxg6 42. Ng1 Rc3 43. Rf1 1/2-1/2

[Event "World Rapid 2023"]
[Site "Samarkand UZB"]
[Date "2023.12.27"]
[EventDate "2023.12.26"]
[Round "9.4"]
[Result "1/2-1/2"]
[White "Teimour Radjabov"]
[Black "Volodar Murzin"]
[WhiteElo "2723"]
[BlackElo "2627"]
[PlyCount "60"]

1. e4 e5 2. Nf3 Nc6 3. Bc4 Nf6 4. d3 Be7 5. Nc3 d6 6. a3 O-O 7. O-O Be6 8. Nd5
Re8 9. Re1 Bxd5 10. exd5 Nb8 11. d4 e4 12. Nd2 Bf8 13. Nf1 Nbd7 14. Ba2 g6 15.
Bg5 Bg7 16. Ne3 Qc8 17. Rc1 a5 18. c3 Qb8 19. a4 c5 20. Qb3 Nh5 21. Qb5 Qc7 22.
Nc2 Nhf6 23. h3 cxd4 24. cxd4 Qb6 25. Na3 Rec8 26. Bxf6 Rxc1 27. Rxc1 Bxf6 28.
Qxd7 Qxb2 29. Rc7 Rf8 30. Nc2 1/2-1/2

[Event "World Rapid 2023"]
[Site "Samarkand UZB"]
[Date "2023.12.27"]
[EventDate "2023.12.26"]
[Round "9.5"]
[Result "1/2-1/2"]
[White "Ivan Cheparinov"]
[Black "Santosh Gujrathi Vidit"]
[WhiteElo "2663"]
[BlackElo "2737"]
[PlyCount "228"]

1. Nf3 Nf6 2. c4 e6 3. d4 d5 4. g3 Be7 5. Bg2 O-O 6. O-O c5 7. cxd5 exd5 8. Nc3
Nc6 9. dxc5 Bxc5 10. Na4 Be7 11. Be3 Bg4 12. Rc1 Qd7 13. Nc5 Bxc5 14. Rxc5 Rfe8
15. Re1 Rad8 16. Nd4 Ne4 17. Rc1 Bh3 18. Qa4 Nxd4 19. Qxd7 Nxe2+ 20. Rxe2 Bxd7
21. Bxa7 Ra8 22. Bd4 Rxa2 23. f3 Nd6 24. Rxe8+ Bxe8 25. f4 Bc6 26. Rd1 h6 27.
Bc3 Ne4 28. Bxe4 dxe4 29. Kf2 Kh7 30. Ke3 h5 31. f5 f6 32. Kf4 Ra8 33. Ke3 Kh6
34. h4 Kh7 35. Kf4 Kg8 36. Ke3 Kf7 37. Kf4 Rg8 38. Rd6 Re8 39. Ke3 Kg8 40. Rd1
Bb5 41. Rd4 Bd3 42. Rd7 b5 43. Ba5 Re5 44. Kf4 Rc5 45. Rc7 Rd5 46. Rc8+ Kh7 47.
Bc3 Rd7 48. Ke3 Ra7 49. b4 Ra2 50. Bd2 Bc4 51. Rd8 Ra3+ 52. Kxe4 Rxg3 53. Rd4
Ba2 54. Kf4 Rg1 55. Ke3 Rh1 56. Rf4 Rh3+ 57. Kd4 Bc4 58. Be3 Kg8 59. Bf2 Kf7 60.
Kc5 Rd3 61. Bd4 Rg3 62. Kd6 Rg2 63. Bf2 Rh2 64. Bd4 Rh3 65. Bf2 Rb3 66. Bc5 Rd3+
67. Bd4 Rd1 68. Kc6 Bd3 69. Bc5 Rc1 70. Kd5 Bc4+ 71. Kc6 Re1 72. Bd4 Re2 73. Kd6
Kg8 74. Kc6 Re8 75. Kc7 Bd3 76. Kc6 Rc8+ 77. Kb6 Kf7 78. Bc5 Re8 79. Kc6 Re2 80.
Bd4 Ke8 81. Bc5 Bc4 82. Rf3 Kf7 83. Rf4 g5 84. fxg6+ Kxg6 85. Bd4 f5 86. Kc5 Rg2
87. Kd6 Bd3 88. Bf2 Rh2 89. Bd4 Bc4 90. Bf2 Rh3 91. Bd4 Rb3 92. Kc5 Rd3 93. Kd6
Rd1 94. Kc5 Bd3 95. Kd6 Kf7 96. Kd5 Be4+ 97. Ke5 Rb1 98. Bc5 Ra1 99. Rf2 Rh1
100. Rf4 Rh3 101. Bd4 Ke7 102. Bc5+ Kd7 103. Kf6 Rg3 104. Ke5 Kc6 105. Rf2 Rg4
106. Rf4 Rg8 107. Rf1 Bd3 108. Rg1 Re8+ 109. Kd4 Rd8+ 110. Ke3 Bc4 111. Rg6+ Kd5
112. Kf4 Be2 113. Rg2 Re8 114. Kxf5 Re5+ 1/2-1/2